Ekonomika krajín Latinskej Ameriky v minulom roku hospodársky rast v regióne a prognóza na tento rok
Prudký pokles hospodárskeho rastu v latinskoamerickom regióne v roku 1998. Ceny komodít, spotrebné ceny, stav inflácie, HDP juhoamerických krajín za roky 1996-99. Bežný účet platobnej bilancie a zahraničný dlh. Prognóza hospodárskeho rastu a vývoja HDP pre Latinskú Ameriku na rok 1999.
Enregistré dans:
| Auteur principal: | |
|---|---|
| Autres auteurs: | , |
| Format: | Chapitre de livre |
| Langue: | slovaque |
| Sujets: | |
| Tags: |
Pas de tags, Soyez le premier à ajouter un tag!
|
MARC
| LEADER | 00000naa a2200000 4500 | ||
|---|---|---|---|
| 001 | r035372 | ||
| 005 | 20230824101223.8 | ||
| 041 | 0 | |a slo | |
| 044 | |a SK | ||
| 245 | 1 | 0 | |a Ekonomika krajín Latinskej Ameriky v minulom roku |b hospodársky rast v regióne a prognóza na tento rok |c E. Molnárová, D. Pálková, K. Bohušová |
| 520 | |a Prudký pokles hospodárskeho rastu v latinskoamerickom regióne v roku 1998. Ceny komodít, spotrebné ceny, stav inflácie, HDP juhoamerických krajín za roky 1996-99. Bežný účet platobnej bilancie a zahraničný dlh. Prognóza hospodárskeho rastu a vývoja HDP pre Latinskú Ameriku na rok 1999. | ||
| 610 | 2 | 0 | |a situácia hospodárska |
| 610 | 2 | 0 | |a prognózy hospodárske |
| 610 | 2 | 0 | |a prognózy hospodárske medzinárodné |
| 610 | 2 | 0 | |a Latinská Amerika |
| 610 | 2 | 0 | |a rast hospodársky |
| 610 | 2 | 0 | |a ceny |
| 610 | 2 | 0 | |a komodity |
| 610 | 2 | 0 | |a produkt domáci hrubý |
| 610 | 2 | 0 | |a bilancia platobná |
| 610 | 2 | 0 | |a dlhy štátne |
| 610 | 2 | 0 | |a produkcia |
| 100 | 1 | |a Molnárová, Elena | |
| 700 | 1 | |a Pálková, Dana | |
| 700 | 1 | |a Bohušová, Katarína | |